Management and Motivation
Enregistré dans:
| Autres auteurs: | , |
|---|---|
| Format: | Livre |
| Langue: | anglais |
| Publié: |
London
Penguin Books
1970
|
| Édition: | 1. ed. |
| Tags: |
Pas de tags, Soyez le premier à ajouter un tag!
|
MARC
| LEADER | 00000nam a2200000 4500 | ||
|---|---|---|---|
| 001 | c025136 | ||
| 005 | 20221220102132.9 | ||
| 041 | 0 | |a eng | |
| 044 | |a GB | ||
| 245 | 1 | 0 | |a Management and Motivation |c Edit. Victor H. Vroom, Edward L. Deci |
| 250 | |a 1. ed. | ||
| 264 | 1 | |a London |b Penguin Books |c 1970 | |
| 300 | |a 399 s. | ||
| 700 | 1 | |a Vroom, Victor H. | |
| 700 | 1 | |a Deci, Edward L. | |